000 00265pab a2200109 454500
008 180718b xxu||||| |||| 00| 0 eng d
100 _aKhaneja, S.R.
245 _aPower - prospects & constraints
650 _aElectricity
773 _aFinancial Express
909 _a23400
999 _c23400
_d23400